000 00677nam a22001937a 4500
003 OSt
005 20251106014349.0
008 251106b |||||||| |||| 00| 0 eng d
020 _a978-621-427-084-2
040 _aDWCL-Main lib
_cOC
082 _aFil. 004.6 E78 2021
100 _aMata, Khatalyn E.
245 _aEssentials of human computer interaction/
_cKhatalyn E. Mata
260 _aManila, Philippines :
_b Unlimited books library services & publishing inc.,
_cc2021.
300 _a viii, 144 pages :
_b illustrations ;
_c25cm.
504 _aIncludes bibliographical references.
650 _a1. Human- computer interaction
942 _2ddc
_cBK - FIL
_kFil.
_n0
999 _c5531
_d5531